01768nam a22002897a 4500003000900000008004100009040007100050082004500121110005500166245009000221260003400311300002900345440006300374505074300437650001401180650001801194650002601212650001701238650002001255650002901275700002301304700001801327700002101345700003201366700002501398710005501423AR-CdUCM190425b ||||| |||| 00| 0 spa d aMUNICIPALIDAD PROVINCIAL DEL CUSCOcBIBLIOTECA MUNICIPAL DEL CUSCO aRev.Univ/N°62/1932bRev.Univ/N°62/1932 aUniversidad Nacional de San Antonio Abad del Cusco aRevista Universitaria :bÓrgano de la Universidad Menor del Cuzco fundada en 1692 / aCusco :bH. G. Rozas,c 1932. a200 páginas. :c20 cm. aRevista UniversitarianAño XXI, 1° semestre 1932, N°62 aContenido: Vasco de Contreras y Valverde. Fortunato L. Herrera. -- El alma a través de la historia filosófica. José S. Wagner. -- Estudio sobre la flora del departamento del Cuzco. Fortunato L. Herrera. -- La regio del Cusco. Roberto Gohring. -- Plantas usuales en el corregimiento de Abancay. Fortunato L. Herrera. -- Nuevas interpretaciones de la cultura Inca. Luis E. Valcárcel. -- Aspecto económico del problema indígena. Francisco Ponce de León. -- Arqueología Peruana. Luis A. Pardo. -- Del museo arqueológico de la universidad del Cuzco. Luis A. Pardo. -- Dr. M. Eusebio Curazao. H. Laferrer. -- Una bebida típicamente americana. Felipe Urquieta. -- Inserciones. Moisés Sáenz. -- Crónica Universitaria. aCronistas aArqueología aBotánica cusqueña aCultura Inka aEusebio Corazao aGastronomía cusqueña aFortuna L. Herrera aLuis A. Pardo aGohring, Roberto aPonce de León, Francisco aValcárcel, E. Luis aUniversidad Nacional de San Antonio Abad del Cusco